Дело о временном разрешении принимать в студенческую больницу Московской медико-хирургической академии больных студентов волонте...

RUSMARC
00006003cbc2a2200000#x 450
001ba698018-42e0-4a44-9985-b4ec00d6b890
00520180813103515.0
100##$a20150820l18411841k l0rusy0189 ca
1010#$arus
102##$aRU
2001#$aДело о временном разрешении принимать в студенческую больницу Московской медико-хирургической академии больных студентов волонтеров
$j20 - 27 февраля 1841 года
251##$cДело
300##$aРукописный текст. Чернила
300##$aОригинальный заголовок дела: Дело по представлению правления Московской медико-хирургической академии о принятии в виде временной меры волонтеров сей академии, подвергающихся болезни, для пользования в казенную студенческую больницу. 20 - 27 февраля 1841 г.
801#0$aRU
$bРГИА
$c20150820
801#1$aRU
$bГлавНИВЦ
$c20150820
$2rusmarc
801#2$aRU
$bПБ им. Б.Н. Ельцина
$c20151215
$gRCR
$2rusmarc
850##$aФедеральное казенное учреждение "Российский государственный исторический архив" (РГИА)
852##$aРГИА
$j394
937##$hРГИА
$d12092209
$aASBIBLIO_SCAN
462#0$100110dcdccd-ec79-4ee8-a204-b9d031b41c04
$12001
$aМедицинские дела Департамента народного просвещения
$vД. 394
$1251
$cОпись
$1852
$j99
461#0$1001a74412a3-3cc5-4d21-8f0a-dfe2fbd9e72d
$12001
$aДепартамент народного просвещения Министерства народного просвещения
$1251
$cФонд
$1852
$j733
215##$a7 листов
$d36,5х26 см
371##$aДокумент не является опубликованным и широко распространяемым
105##$ay###
1222#$ad18470220##
$ad18410227##
5171#$aДело по представлению правления Московской медико-хирургической академии о принятии в виде временной меры волонтеров сей академии, подвергающихся болезни, для пользования в казенную студенческую больницу
$e20 - 27 февраля 1841 г.
035##$aba698018-42e0-4a44-9985-b4ec00d6b890
60102$aМедико-хирургическая академия
$cМосква, город
$z1-я пол. 19 в
$2prlib_sh
$3LIBNET\UAF\0000076655
$jДокументы и материалы
6061#$aВолонтерская деятельность
$2nlr_sh
$3RU\NLR\AUTH\661440346
$jДокументы и материалы
686##$2rubbk
$a58.9
$vLBC/M
686##$a60.561.7
$vLBC/M
$2rubbk
686##$a63.3(2)521-76
$vLBC/M
$2rubbk
605##$2acquisition_Prlib
$3LIBNET\UAF\0000074784
$aГод добровольца (волонтера) в России
$lколлекция
605##$2acquisition_Prlib
$3DITM\AF\0000003834
$aНарод
$lколлекция
605##$2acquisition_Prlib
$3DITM\AF\0000002775
$aВласть
$lколлекция
Формат отображения